000 00388 a2200169 4500
001 170467
020 _a85-262-4256-3
040 _cMagnum
100 _aDumas, Alexandre
240 1 0 _aO homem da máscara de ferro
_lpor
245 1 0 _aO homem da máscara de ferro
300 _a87
362 0 _a2002
440 1 _aScipione
697 _aLITERATURA JUVENIL ESTRANGEIRA
942 _cBK
999 _c170467
_d170467